| 000 | 00000nam##2200000za#4500 |
| 001 | 9.695228 |
| 003 | CaOODSP |
| 005 | 20210624234500 |
| 007 | cr ||||||||||| |
| 008 | 150407|2000||||xxc|||||o f|0| 0 eng|d |
| 040 | |aCaOODSP|beng |
| 043 | |an-cn--- |
| 086 | 1 |aC45-2/3-2000-2E-PDF |
| 110 | 1 |aCanada. |bIndustry Canada. |
| 245 | 10|aPrimary steel in Canada : |h[electronic resource]|bindustry snapshot |
| 260 | |aOttawa - Ontario : |bIndustry Canada |c2000. |
| 300 | |a43p.|bfig., glossary, graphs, map, tables |
| 500 | |a"The objective of the Industry Snapshots is to provide an economic overview of certain sectors of the metals and minerals processing industry as well as a description of the factors influencing its performance. This Snapshot focuses on the Other Primary Steel Industry for the 1990-1998 period."--Page 3. |
| 500 | |aThe catalogue number (C45-2/3-2000/2) and ISBN (0-662-64864-1) for the bilingual print edition have been incorrectly copied in this electronic publication. |
| 520 | 3 |aThe objective of the Industry Snapshots is to provide an economic overview of certain sectors of the metals and minerals processing industry as well as a description of the factors influencing its performance. This Snapshot focuses on the Other Primary Steel Industry for the 1990-1998 period.--Page 3 |
| 590 | |a11-28-Supp|b2011-11-17 |
| 690 | 07|aIndustry|2gcpds |
| 690 | 07|aProductivity|2gcpds |
| 690 | 07|aSteel|2gcpds |
| 775 | 08|tAcier primaire au Canada : |w(CaOODSP)9.639374 |
| 776 | 0#|tPrimary steel in Canada : |w(CaOODSP)9.661739 |
| 776 | 0#|tAcier primaire au Canada : |w(CaOODSP)9.661740 |
| 856 | 40|ahttp://publications.gc.ca|qPDF|s157 KB|uhttps://publications.gc.ca/collections/Collection/C45-2-3-2000-2E.pdf |